000 00571nam a2200205Ia 4500
003 OSt
005 20230516103307.0
008 210423s1990 xx 000 0 und d
040 _cAL
041 _aeng
082 _a305.56
_223
_bROBD
100 _aROBB (Peter)
_9104719
245 _aDalit movements and the meaning of labour in india
260 _aNew Delhi
_bOxford University Press
_c1990
365 _b175
_cINR
650 _aSocial Groups
_9104720
650 _aSociology
_9104721
906 _aDalit ; india ; labour ; meaning ; movements
942 _2ddc
_cBK
999 _c172127
_d172127